Une lettre suffit pour répondre juste #43 (attention 10 lettres tuent) - Statistiques

Statistiques générales
  • Ce quiz a été pris 57 fois
  • Le résultat moyen est 2 sur 6
Statistiques - réponses
Hint Réponse % Correct
Donne une des 5 lettres du nom de cet auteur-compositeur-interprète et musicien, chanteur et bassiste de The Police
STING
98%
Donne une des 4 lettres qui compose le nom de cette série TV en extrait
FROM
40%
Donne une des 3 lettres qui complète le nom d'une franchise de Football Américain du Wisconsin évoluant en NFL : Green ??? Packers BAY
20%
Donne une des 2 lettres qu'on entend quand est prononcé à haute voix le mot signifiant familièrement "De haut rang ; spécialement riche" : des gens très.. UP (huppés)
11%
Donne la première lettre de l'État d'Afrique australe, montagneux et sans accès à la mer, entièrement enclavé dans le territoire de l'Afrique du Sud L
4%
Donne la lettre qui désigne un film de série B poussé à l'extrême, c’est-à-dire un film au budget microscopique, aux moyens minimaux (tenant souvent du bricolage) et au tournage précipité et bâclé : série ? Z
2%
Aucun quiz correspondant
Distribution des résultats
% des personnes avec chaque résultat
Percentile par nombre de réponses
Votre historique - résultats
Vous n’avez pas pris ce quiz